IAS Aniruddh Yadav notes for UPSC & State PSC: (Record no. 11983)
[ view plain ]
| 000 -LEADER | |
|---|---|
| fixed length control field | 00561nam a22001817a 4500 |
| 005 - DATE AND TIME OF LATEST TRANSACTION | |
| control field | 20240921101836.0 |
| 008 - FIXED-LENGTH DATA ELEMENTS--GENERAL INFORMATION | |
| fixed length control field | 240921b |||||||| |||| 00| 0 eng d |
| 020 ## - INTERNATIONAL STANDARD BOOK NUMBER | |
| International Standard Book Number | 9789355648747 |
| 040 ## - CATALOGING SOURCE | |
| Original cataloging agency | IN-DiNC |
| Transcribing agency | IN-DiNC |
| 041 ## - LANGUAGE CODE | |
| Language code of sung or spoken text | English |
| 082 ## - DEWEY DECIMAL CLASSIFICATION NUMBER | |
| Classification number | 030 |
| Item number | YAD |
| 100 ## - MAIN ENTRY--PERSONAL NAME | |
| Personal name | Yadav, Aniruddh |
| Relator term | Author |
| 245 ## - TITLE STATEMENT | |
| Title | IAS Aniruddh Yadav notes for UPSC & State PSC: |
| Remainder of title | general studies paper 2 (prelim & main exams)/ |
| Statement of responsibility, etc. | by Aniruddh Yadav |
| 260 ## - PUBLICATION, DISTRIBUTION, ETC. | |
| Place of publication, distribution, etc. | New Delhi: |
| Name of publisher, distributor, etc. | Disha publication, |
| Date of publication, distribution, etc. | n.a. |
| 300 ## - PHYSICAL DESCRIPTION | |
| Extent | 384p. |
| 650 ## - SUBJECT ADDED ENTRY--TOPICAL TERM | |
| Topical term or geographic name entry element | Indian polity and constitution |
| 942 ## - ADDED ENTRY ELEMENTS (KOHA) | |
| Source of classification or shelving scheme | Dewey Decimal Classification |
| Koha item type | Books |
| Withdrawn status | Lost status | Source of classification or shelving scheme | Damaged status | Not for loan | Collection code | Home library | Current library | Shelving location | Date acquired | Cost, normal purchase price | Total Checkouts | Full call number | Barcode | Date last seen | Date last checked out | Copy number | Price effective from | Koha item type |
|---|---|---|---|---|---|---|---|---|---|---|---|---|---|---|---|---|---|---|
| Dewey Decimal Classification | General Collection | Central Library, Naharkatiya College | Central Library, Naharkatiya College | General Stacks | 21/09/2024 | 525.00 | 4 | 030 YAD | 30400 | 03/03/2025 | 26/02/2025 | 1 | 21/09/2024 | Books |
